Statistics for German License Plates

Click here to take the quiz!

General Stats

  • This quiz has been taken 10 times
  • The average score is 70 of 415

Answer Stats

Abb.DistrictType% Correct
ACAachenStadt
90%
BBerlinStadt
90%
AAugsburgBoth
80%
HHHamburgStadt
80%
KKölnStadt
80%
HBBremen, BremerhavenStadt
70%
DODortmundStadt
70%
FFrankfurt am MainStadt
70%
BULAmberg-SulzbachKreis
60%
ALZAschaffenburgKreis
60%
ABAschaffenburgBoth
60%
BIBielefeldStadt
60%
BNBonnStadt
60%
DDDresdenStadt
60%
DDüsseldorfStadt
60%
EEssenStadt
60%
KIKielStadt
60%
MZMainz, Mainz-BingenBoth
60%
LRORostockKreis
60%
HRORostockStadt
60%
BÜZRostockKreis
60%
RostockKreis
60%
DBRRostockKreis
60%
BADBaden-BadenStadt
50%
CChemnitzStadt
50%
DUDuisburgStadt
50%
GGeraStadt
50%
GTHGothaKreis
50%
HMÜGöttingenKreis
50%
GöttingenBoth
50%
DUDGöttingenKreis
50%
HHannoverStadt
50%
HOHofBoth
50%
JJenaStadt
50%
KAKarlsruheBoth
50%
GHALeipzigKreis
50%
LLeipzigBoth
50%
MTLLeipzigKreis
50%
BNALeipzigKreis
50%
GRMLeipzigKreis
50%
LEVLeverkusenStadt
50%
MAMannheimStadt
50%
MMünchenBoth
50%
AIBMünchen, RosenheimKreis
50%
LFAltötting, Berchtesgadener Land, TraunsteinKreis
40%
AMAmbergStadt
40%
AURAurichKreis
40%
BABambergBoth
40%
BGDBerchtesgadener LandKreis
40%
BGLBerchtesgadener LandKreis
40%
BOBochumStadtKreis
40%
BOTBottropStadt
40%
BSBraunschweigStadt
40%
CLPCloppenburgKreis
40%
CBCottbusStadt
40%
CUXCuxhavenKreis
40%
DEGDeggendorfKreis
40%
EAEisenachStadt
40%
EFErfurtStadt
40%
HORFreudenstadtKreis
40%
FDSFreudenstadtKreis
40%
HCHFreudenstadt, ZolneralbkreisKreis
40%
GAPGarmisch-PartenkirchenKreis
40%
GEGelsenkirchenStadt
40%
GIGießenKreis
40%
GSGoslarKreis
40%
CLZGoslarKreis
40%
BRLGoslarKreis
40%
GTGütterslohKreis
40%
HUHanau, Main-Kinzig-KreisBoth
40%
HDHeidelberg, Rhein-Neckar-KreisStadt
40%
HNHeilbronnBoth
40%
HIHildesheimKreis
40%
ALFHIldesheimKreis
40%
INIngolstadtStadt
40%
HOGKasselKreis
40%
KSKasselBoth
40%
HLLubeckStadt
40%
LGLüneburgKreis
40%
MDMagdeburgStadt
40%
MGMönchengladbachStadt
40%
MSMünsterStadt
40%
AltöttingKreis
30%
BTBayreuthBayreuth
30%
KEMBayreuth, TirschenreuthKreis
30%
BCBiberachKreis
30%
BBBöblingenKreis
30%
LEOBöblingenKreis
30%
CECelleKreis
30%
COCoburgStadt
30%
COECoesfeldKreis
30%
DAHDachauKreis
30%
DELDelmenhorstStadt
30%
EBSEbermannstadtKreis
30%
EMDEmdenStadt
30%
ESBEschenbachKreis
30%
FRFreiburg im Breisgau, Breisgau-HochschwarszwaldBoth
30%
FDFuldaKreis
30%
FürthStadt
30%
GPGöppingenKreis
30%
HGWGreifswaldStadt
30%
GRZGreizKreis
30%
GGGroß-GerauKreis
30%
HAHagenStadt
30%
HALHalle (Saale)Stadt
30%
HAMHammStadt
30%
HVLHavellandKreis
30%
HDHHeidenheimKreis
30%
HFHerfordKreis
30%
KLKaiserslauternBoth
30%
MAIKelheim, LandshutKreis
30%
KEKemptenStadt
30%
KOKoblenzStadt
30%
KYFKyffhäuserkreisKreis
30%
ARTKyffhäuserkreisKreis
30%
LörrachKreis
30%
LBLudwigsburgKreis
30%
LULudwigshafen am RheinStadt
30%
MTKMain-Taunus-KreisKreis
30%
MMMemmingenStadt
30%
MEMettmannKreis
30%
KGBad KissingenKreis
20%
BRKBad KissingenKreis
20%
HABBad KissingenKreis
20%
KHBad KreuznachKreis
20%
BARBarnimKreis
20%
EWBarnimKreis
20%
BERBarnimKreis
20%
BKSBernkastel-WittlichKreis
20%
AHBorkenKreis
20%
BORBorkenKreis
20%
BOHBorkenKreis
20%
CWCalwKreis
20%
KÖZChamKreis
20%
CHAChamKreis
20%
DEDessau-RoßlauStadt
20%
DNDürenKreis
20%
JÜLDürenKreis
20%
EMEmmendingenKreis
20%
ELEmslandKreis
20%
ERErlangenStadt
20%
EUEuskirchenKreis
20%
FlFlensburgStadt
20%
FSFreisingKreis
20%
FFBFürstenfeldbruckKreis
20%
GRGörlitzKreis
20%
LÖBGörlitzKreis
20%
GZGünzburgKreis
20%
KRUGunzburgKreis
20%
GKHeinsbergKreis
20%
HSHeinsbergKreis
20%
ERKHeinsbergKreis
20%
HERHerneStadt
20%
HXHöxterKreis
20%
KLEKleveKreis
20%
GELKleveKreis
20%
KNKonstanzKreis
20%
KRKrefeldStadt
20%
LDKLahn-Dill-KreisKreis
20%
DILLahn-Dill-KreisKreis
20%
LALandshutBoth
20%
LERLeerKreis
20%
LIPLippeKreis
20%
GNMain-Kinzig-KreisKreis
20%
MKKMain-Kinzig-KreisKreis
20%
MHMülheim an der RuhrStadt
20%
HWIWismarStadt
20%
AWAhrweilerKreis
10%
AZAlzey-WormsKreis
10%
KÖTAnhalt-BitterfeldKreis
10%
AZEAnhalt-BitterfeldKreis
10%
BTFAnhalt-BitterfeldKreis
10%
ABIAnhalt-BitterfeldKreis
10%
BKBacknangKreis
10%
DÜWBad DürkheimKreis
10%
HPBergstraßeKreis
10%
BIRBirkenfeldKreis
10%
FNBodenseekreisKreis
10%
BRBBrandenburg an der HavelStadt
10%
LDSDahme-SpreewaldKreis
10%
LNDahme-SpreewaldKreis
10%
KWDahme-SpreewaldKreis
10%
LCDahme-SpreewaldKreis
10%
DIDarmstadt-DieburgKreis
10%
DADarmstadt-DieburgBoth
10%
DHDiepholzKreis
10%
EBEEbersbergKreis
10%
EIEichstättKreis
10%
LIBElbe-ElsterKreis
10%
EEElbe-ElsterKreis
10%
FIElbe-ElsterKreis
10%
EDErdingKreis
10%
ESEsslingenKreis
10%
FOForchheimKreis
10%
FTFrankenthalStadt
10%
FFFrankfurt (Oder)Stadt
10%
FRIFrieslandKreis
10%
GERGermersheimKreis
10%
GFGifhornKreis
10%
HZHarzKreis
10%
HBSHarzKreis
10%
HEHelmstedtKreis
10%
HEFHersfeld-RotenburgKreis
10%
HBNHildburghausenKreis
10%
ILIlm-KreisKreis
10%
IKIlm-KreisKreis
10%
ARNIlm-KreisKreis
10%
GNTJerichower LandKreis
10%
BRGJerichower LandKreis
10%
JLJerichower LandKreis
10%
KFKaufbeurenStadt
10%
KEHKelheimKreis
10%
KTKitzingenKreis
10%
KCKronachKreis
10%
KUKulmbachKreis
10%
MSPMain-SpessartKreis
10%
MKMärkischer KreisKreis
10%
MÜRMecklenburgische SeenplatteKreis
10%
MCMecklenburgische SeenplatteKreis
10%
ATMecklenburgische SeenplatteKreis
10%
DMMecklenburgische SeenplatteKreis
10%
MSTMecklenburgische SeenplatteKreis
10%
MSEMecklenburgische SeenplatteKreis
10%
MEIMeißenKreis
10%
GRHMeißenKreis
10%
MBMiesbachKreis
10%
MILMiltenbergKreis
10%
GANNortheimKreis
10%
EINNortheimKreis
10%
ERBOdenwaldkreisKreis
10%
BHOrtenaukreis, RastattKreis
10%
BSBOsnabrückKreis
10%
MELOsnabrückKreis
10%
BÜRPaderbornKreis
10%
CRSchwäbisch HallKreis
10%
LPSoestKreis
10%
FORSpree-NeißeKreis
10%
GUBSpree-NeißeKreis
10%
BFSteinfurtKreis
10%
IGBSt. IngbertStadt
10%
HSTStralsundStadt
10%
ANGUckermarkKreis
10%
LÜNUnnaKreis
10%
KKViersenKreis
10%
AEVogtlandkreisKreis
10%
GMNVorpommern-RügenKreis
10%
APDWeimarer LandKreis
10%
APWeimarer LandKreis
10%
MOWeselKreis
10%
DINWeselKreis
10%
HOTZwickauKreis
10%
GCZwickauKreis
10%
MONAachen, DürenKreis
0%
AICAichach-FriedbergKreis
0%
FDBAichach-FriedbergKreis
0%
ABGAltenburger LandKreis
0%
AKAltenkirchenKreis
0%
ASAmberg-SulzbachKreis
0%
ANAnsbachBoth
0%
DKBAnsbachKreis
0%
FEUAnsbachKreis
0%
HYBautzenKreis
0%
BIWBautzenKreis
0%
KMBautzenKreis
0%
BZBautzenKreis
0%
MÜBBayreuth, HofKreis
0%
BITBitburg-PrümKreis
0%
HDLBördeKreis
0%
BördeKreis
0%
BDBundesdienst-------------
0%
BPBundespolizei-------------
0%
BWBundes-Wasserstraßen- und Schifffahrtsverwaltung-------------
0%
HHMBurgenlandkreisKreis
0%
BLKBurgenlandkreisKreis
0%
BÜSBüsingen am HochrheinGem.
0%
COCCochem-ZellKreis
0%
LHCoesfeld, UnnaKreis
0%
DLGDillingen an der DonauKreis
0%
LANDingolfing-LandauKreis
0%
DGFDingolging-LandauKreis
0%
MEDDitchmarschenKreis
0%
HEIDithmarschenKreis
0%
DONDonau-RiesKreis
0%
KIBDonnersbergkreisKreis
0%
EICEichsfeldKreis
0%
HIGEichsfeldKreis
0%
ENEnnepe-Ruhr-KreisKreis
0%
HÖSErlangen-HöchstadtKreis
0%
ERHErlangen-HöchstadtKreis
0%
AUErzgebirgskreisKreis
0%
ANAErzgebirgskreisKreis
0%
ERZErzgebirgskreisKreis
0%
MABErzgebirgskreisKreis
0%
ASZErzgebirgskreisKreis
0%
MEKErzgebirgskreisKreis
0%
GRAFreyung-GrafenauKreis
0%
FRGFreyung-GrafenauKreis
0%
HMHameln-PyrmontKreis
0%
EBNHaßbergeKreis
0%
HASHaßbergeKreis
0%
HOHHaßbergeKreis
0%
GEOHaßberge, SchweinfurtKreis
0%
HKHeidekreisKreis
0%
HSKHochsauerlandkreisKreis
0%
HGHochtaunuskreisKreis
0%
KÜNHohenlohekreisKreis
0%
HOLHolzmindenKreis
0%
KUSKuselKreis
0%
LDLandau in der PfalzStadt
0%
LLLandsberg am LechKreis
0%
MALLandshut, Straubing-BogenKreis
0%
LIFLichtenfelsKreis
0%
LMLimburg-WeilburgKreis
0%
LILindau (Bodensee)Kreis
0%
DANLüchow-DannenbergKreis
0%
LUPLudwigslust-ParchimKreis
0%
LBZLudwigslust-ParchimKreis
0%
LWLLudwigslust-ParchimKreis
0%
HGNLudwigslust-ParchimKreis
0%
MGHMain-Tauber-KreisKreis
0%
BINMainz-BingenKreis
0%
MSHMansfeld-SüdharzKreis
0%
EILMansfeld-SüdharzKreis
0%
MLMansfeld-SüdharzKreis
0%
HETMansfeld-SüdharzKreis
0%
MRMarburg-BiedenkopfKreis
0%
BIDMarburg-BiedenkopfKreis
0%
FRWMärkisch-OderlandKreis
0%
MOLMärkisch-OderlandKreis
0%
MYKMayen, KoblenzKreis
0%
MYMayen-KoblenzKreis
0%
MZGMerzig-WadernKreis
0%
MIMinden-LübeckeKreis
0%
FLÖMittelsachsenKreis
0%
MWMittelsachsenKreis
0%
BEDMittelsachsenKreis
0%
DLMittelsachsenKreis
0%
HCMittelsachsenKreis
0%
FGMittelsachsenKreis
0%
Mühldorf am InnKreis
0%
BCHNeckar-Odenwald-KreisKreis
0%
MOSNeckar-Odenwald-KreisKreis
0%
ILLNeu-UlmKreis
0%
DZNordsachsenKreis
0%
EBNordsachsenKreis
0%
GDBNordwestmecklenburgKreis
0%
GVMNordwestmecklenburgKreis
0%
HEBNürnberger LandKreis
0%
LAUNürnberger-LandKreis
0%
GMOberbergischer KreisKreis
0%
CAOberspreewald-LausitzKreis
0%
BSKOder-SpreeKreis
0%
FWOder-SpreeKreis
0%
EHOder-SpreeKreis
0%
LOSOder-SpreeKreis
0%
KELOrtenaukreisKreis
0%
LROrtenaukreisKreis
0%
AAOstalbkreisKreis
0%
GDOstalbkreisKreis
0%
MODOstallgäuKreis
0%
FÜSOstallgäuKreis
0%
KYOstprignitz-RuppinKreis
0%
CASRecklinghausenKreis
0%
GLARecklinhausenKreis
0%
ECKRendsburg-EckernfördeKreis
0%
BMRhein-Erft-KreisKreis
0%
GOARhein-Hunsrück-KreisKreis
0%
GLRheinisch-Bergischer KreisKreis
0%
GVRhein-Kreis NeussKreis
0%
GOHRhein-Lahn-KreisKreis
0%
EMSRhein-Lahn-KreisKreis
0%
DIZRhein-Lahn-KreisKreis
0%
METRhön-GrabfeldKreis
0%
KÖNRhön-GrabfeldKreis
0%
BRVRotenburgKreis
0%
HIPRothKreis
0%
GRIRottal-InnKreis
0%
EGRottal-InnKreis
0%
EISSaale-Holzland-KreisKreis
0%
MQSaalekreisKreis
0%
MERSaalekreisKreis
0%
LBSSaale-Orla-KreisKreis
0%
HOMSaarpfalz-KreisKreis
0%
DWSächsische Schweiz-OsterzgebirgeKreis
0%
FTLSächsische Schweiz-OsterzgebirgeKreis
0%
GASaltzwedelKreis
0%
BBGSalzlandkreisKreis
0%
ASLSalzlandkreisKreis
0%
KLZSalzwedelKreis
0%
MGNSchmalkalden-MeiningenKreis
0%
FZSchwalm-Eder-KreisKreis
0%
MEGSchwalm-Eder-KreisKreis
0%
HRSchwalm-Eder-KreisKreis
0%
BLBSiegen-WittgensteinKreis
0%
IZSteinburgKreis
0%
HVStendalKreis
0%
BOGStraubing-BogenKreis
0%
MHLUnstrut-Hainich-KreisKreis
0%
LSZUnstrut-Hainich-KreisKreis
0%
MNUnterallgäuKreis
0%
GWVorpommern-GreifswaldKreis
0%
ANKVorpommern-GreifswaldKreis
0%
DAUVukaneifelKreis
0%
FKBWaldeck-FrankenbergKreis
0%
KBWaldeck-FrankenburgKreis
0%
BEWarendorfKreis
0%
GUNWeißenburg-GunzenhausenKreis
0%
ESWWerra-Meißner-KreisKreis
0%
BRAWesermarschKreis
0%
BÜDWetteraukreisKreis
0%
FBWetteraukreisKreis
0%
GHCWittenbergKreis
0%
JEWittenbergKreis
0%
MAKWunsiedel im FichtelgebirgeKreis
0%
BLZollernalbkreisKreis
0%

Score Distribution

Percentile by Number Answered

Percent of People with Each Score

Your Score History

You have not taken this quiz